| 000 | 01270nab a2200277 i 4500 | ||
|---|---|---|---|
| 001 | 193743 | ||
| 003 | ES-MaACL | ||
| 005 | 20250811063211.0 | ||
| 007 | t| | ||
| 008 | 240208s1913 sp ||||1| spa d | ||
| 040 |
_aES-MaACL _bspa _cES-MaACL |
||
| 245 | 0 | 0 |
_aConcurrentes a la inauguración del curso y descubrimiento de una lápida dedicada a D. Juan Miguel de los Ríos : _ben el Ateneo |
| 246 | 1 |
_aEn el Ateneo : _bconcurrentes a la inauguración del curso y descubrimiento de una lápida dedicada a D. Juan Miguel de los Ríos |
|
| 260 |
_a[Madrid : _bBlanco y Negro, _c1913] |
||
| 300 |
_a1 página ; _b1 ilustración ; _c30 cm |
||
| 336 |
_2rdacontent _atexto |
||
| 337 |
_2rdamedia _asin mediación |
||
| 338 |
_2rdacarrier _avolumen |
||
| 500 | _aFotocopia de la página con la fotografía "Concurrentes a la inauguración del curso y descubrimiento de una lápida dedicada a D. Juan Miguel de los Ríos: en el Ateneo", publicada en "Blanco y negro", 16 de noviembre de 1913, n. 1174 | ||
| 600 | 1 | 7 |
_aRíos, Juan Miguel de los, _dca. 1806- _2embne _9131832 |
| 610 | 2 | 4 |
_aAteneo de Madrid- _vHistoria _91925 |
| 852 | 4 |
_aES-MaACL _cDEPOF _j2347-F-77 _9201278 |
|
| 942 |
_2udc _cANAB _n0 |
||
| 999 |
_c193743 _d193743 |
||